<?xml version="1.0" encoding="UTF-8"?>
<record
    xmlns:xsi="http://www.w3.org/2001/XMLSchema-instance"
    xsi:schemaLocation="http://www.loc.gov/MARC21/slim http://www.loc.gov/standards/marcxml/schema/MARC21slim.xsd"
    xmlns="http://www.loc.gov/MARC21/slim">

  <leader>01860nam a22004337a 4500</leader>
  <controlfield tag="001">BRCA_9259</controlfield>
  <controlfield tag="003">FranzMayer</controlfield>
  <controlfield tag="005">20230717132047.0</controlfield>
  <controlfield tag="008">230714b        |||||||| |||| 00| 0 eng d</controlfield>
  <datafield tag="020" ind1=" " ind2=" ">
    <subfield code="a">9786075028682</subfield>
  </datafield>
  <datafield tag="040" ind1=" " ind2=" ">
    <subfield code="a">MFM</subfield>
    <subfield code="b">esp</subfield>
    <subfield code="c">MFM</subfield>
  </datafield>
  <datafield tag="041" ind1=" " ind2=" ">
    <subfield code="a">esp</subfield>
  </datafield>
  <datafield tag="050" ind1=" " ind2="0">
    <subfield code="a">N7343.3</subfield>
    <subfield code="b">H57 2020</subfield>
  </datafield>
  <datafield tag="100" ind1="1" ind2=" ">
    <subfield code="4">Autor</subfield>
    <subfield code="a">Yongnian, Xue</subfield>
    <subfield code="9">28759</subfield>
  </datafield>
  <datafield tag="110" ind1="1" ind2=" ">
    <subfield code="4">Editorial</subfield>
    <subfield code="a">Universidad de Veracruz</subfield>
    <subfield code="9">28760</subfield>
  </datafield>
  <datafield tag="240" ind1="1" ind2=" ">
    <subfield code="a">Historia del arte chino</subfield>
    <subfield code="h">Tomo 3: De las cinco dinast&#xED;as a la dinast&#xED;a Yuan</subfield>
    <subfield code="l">esp</subfield>
  </datafield>
  <datafield tag="245" ind1=" " ind2=" ">
    <subfield code="a">Historia del arte chino</subfield>
    <subfield code="b">Tomo 3: De las cinco dinast&#xED;as a la dinast&#xED;a Yuan</subfield>
  </datafield>
  <datafield tag="260" ind1=" " ind2=" ">
    <subfield code="a">Veracruz, M&#xE9;xico</subfield>
    <subfield code="b">Universidad de Veracruz</subfield>
    <subfield code="c">2020</subfield>
  </datafield>
  <datafield tag="300" ind1=" " ind2=" ">
    <subfield code="a">443 p</subfield>
    <subfield code="b">Ilustraciones a color</subfield>
    <subfield code="c">23 cm</subfield>
  </datafield>
  <datafield tag="440" ind1=" " ind2=" ">
    <subfield code="a">Historia del arte chino</subfield>
    <subfield code="n">Tomo 3</subfield>
    <subfield code="p">De las cinco dinast&#xED;as ala dinast&#xED;a Yuan</subfield>
    <subfield code="v">Volumen 3 (Tomo III)</subfield>
    <subfield code="9">28761</subfield>
  </datafield>
  <datafield tag="500" ind1=" " ind2=" ">
    <subfield code="a">L60/N5</subfield>
  </datafield>
  <datafield tag="505" ind1="2" ind2=" ">
    <subfield code="a">Traducci&#xF3;n de: Zhongguo MeishuAdaptaci&#xF3;n de: Zhongguo MeishuDestinado a: Historiadores, artistas, investigadores, antrop&#xF3;logos, soci&#xF3;logosTexto en: espa&#xF1;olIncluye &#xED;ndice (tem&#xE1;tico) </subfield>
  </datafield>
  <datafield tag="600" ind1="1" ind2=" ">
    <subfield code="2">Autor</subfield>
    <subfield code="a">Li, Zhao</subfield>
    <subfield code="9">28762</subfield>
  </datafield>
  <datafield tag="600" ind1="1" ind2=" ">
    <subfield code="2">Autor</subfield>
    <subfield code="a">Gang, Shang</subfield>
    <subfield code="9">28763</subfield>
  </datafield>
  <datafield tag="600" ind1="1" ind2=" ">
    <subfield code="2">Autor</subfield>
    <subfield code="a">Yongnian Xue</subfield>
    <subfield code="9">28764</subfield>
  </datafield>
  <datafield tag="610" ind1="1" ind2=" ">
    <subfield code="2">Editorial</subfield>
    <subfield code="a">Universidad de Veracruz</subfield>
    <subfield code="9">28765</subfield>
  </datafield>
  <datafield tag="650" ind1="1" ind2=" ">
    <subfield code="2">Arte</subfield>
    <subfield code="a">Historia del arte</subfield>
    <subfield code="v">China</subfield>
    <subfield code="9">28766</subfield>
  </datafield>
  <datafield tag="651" ind1=" " ind2=" ">
    <subfield code="2">Asia oriental</subfield>
    <subfield code="a">China</subfield>
    <subfield code="v">Arte</subfield>
    <subfield code="9">28767</subfield>
  </datafield>
  <datafield tag="700" ind1="1" ind2=" ">
    <subfield code="4">Coor. Trad.</subfield>
    <subfield code="a">S&#xE1;nchez Dom&#xED;nguez, Karla</subfield>
    <subfield code="9">28768</subfield>
  </datafield>
  <datafield tag="700" ind1="1" ind2=" ">
    <subfield code="4">Dis.</subfield>
    <subfield code="a">Pozos Villanueva, Aida</subfield>
    <subfield code="9">28769</subfield>
  </datafield>
  <datafield tag="700" ind1="1" ind2=" ">
    <subfield code="4">Ed.</subfield>
    <subfield code="a">Garc&#xED;a Valencia, &#xC9;dgar</subfield>
    <subfield code="9">28770</subfield>
  </datafield>
  <datafield tag="700" ind1="1" ind2=" ">
    <subfield code="4">Trad.</subfield>
    <subfield code="a">Gonz&#xE1;lez Vel&#xE1;zquez, Carmen</subfield>
    <subfield code="9">28771</subfield>
  </datafield>
  <datafield tag="700" ind1="1" ind2=" ">
    <subfield code="4">Trad.</subfield>
    <subfield code="a">Pardo Dom&#xED;nguez, Yaoci</subfield>
    <subfield code="9">28772</subfield>
  </datafield>
  <datafield tag="700" ind1="1" ind2=" ">
    <subfield code="4">Trad.</subfield>
    <subfield code="a">S&#xE1;nchez Ria&#xF1;o, Adriana</subfield>
    <subfield code="9">28773</subfield>
  </datafield>
  <datafield tag="700" ind1="1" ind2=" ">
    <subfield code="4">Trad.</subfield>
    <subfield code="a">Ortega, Mariana</subfield>
    <subfield code="9">28774</subfield>
  </datafield>
  <datafield tag="700" ind1="1" ind2=" ">
    <subfield code="4">Trad.</subfield>
    <subfield code="a">Dimitrova, Radina</subfield>
    <subfield code="9">28775</subfield>
  </datafield>
  <datafield tag="710" ind1="1" ind2=" ">
    <subfield code="4">Editorial</subfield>
    <subfield code="a">Universidad de Veracruz</subfield>
    <subfield code="9">28760</subfield>
  </datafield>
  <datafield tag="942" ind1=" " ind2=" ">
    <subfield code="2">lcc</subfield>
    <subfield code="c">B</subfield>
  </datafield>
  <datafield tag="999" ind1=" " ind2=" ">
    <subfield code="c">10878</subfield>
    <subfield code="d">10878</subfield>
  </datafield>
  <datafield tag="952" ind1=" " ind2=" ">
    <subfield code="0">0</subfield>
    <subfield code="1">0</subfield>
    <subfield code="2">lcc</subfield>
    <subfield code="4">0</subfield>
    <subfield code="7">0</subfield>
    <subfield code="8">FCON</subfield>
    <subfield code="a">BRCA</subfield>
    <subfield code="b">BRCA</subfield>
    <subfield code="d">2023-07-14</subfield>
    <subfield code="e">Donaci&#xF3;n</subfield>
    <subfield code="l">0</subfield>
    <subfield code="o">N7343.3 H57 2020</subfield>
    <subfield code="p">CONT10057</subfield>
    <subfield code="r">2023-07-14 00:00:00</subfield>
    <subfield code="t">1</subfield>
    <subfield code="w">2023-07-14</subfield>
    <subfield code="y">B</subfield>
  </datafield>
</record>
